Every country where G is the THIRD letter - Statistics

General Stats
  • This quiz has been taken 80 times
  • The average score is 4 of 7
Answer Stats
Hint Answer % Correct
2 Algeria
67%
3 Angola
59%
4 Argentina
57%
1 Afghanistan
53%
5 Niger
47%
6 Nigeria
47%
7 Togo
39%
No matching quizzes found
Score Distribution
Percent of People with Each Score
Percentile by Number Answered
Your Score History
You have not taken this quiz